All 5k+ cities in Washington on a map - Statistics

General Stats
  • This quiz has been taken 15 times
  • The average score is 47 of 120
Answers on the Map
Answers color-coded by a green-red scale on the quiz's map according to % correct below.
 
Answer Stats
City Population % Correct
Seattle 737,015
100%
Tacoma 219,346
100%
Vancouver 190,915
100%
Bellevue 151,854
92%
Bellingham 91,482
92%
Spokane 228,989
92%
Yakima 96,968
92%
Everett 110,629
85%
Federal Way 101,030
85%
Olympia 55,605
85%
Kent 136,588
77%
Richland 60,560
77%
Spokane Valley 102,976
77%
Walla Walla 34,060
77%
Auburn 87,256
69%
Kennewick 83,921
69%
Pasco 77,108
69%
Port Angeles 19,960
69%
Pullman 32,901
69%
Renton 106,785
69%
Kirkland 92,175
62%
Redmond 73,256
62%
SeaTac 31,454
62%
Aberdeen 17,013
54%
Bremerton 43,505
54%
Mount Vernon 35,219
54%
Anacortes 17,637
46%
Blaine 5,884
46%
Issaquah 40,051
46%
Lacey 53,526
46%
Marysville 70,714
46%
Moses Lake 25,146
46%
Mountlake Terrace 21,286
46%
Puyallup 42,973
46%
Wenatchee 35,308
46%
Bothell 48,161
38%
Burien 52,066
38%
Centralia 18,183
38%
Des Moines 32,888
38%
Ellensburg 18,666
38%
Ferndale 15,048
38%
Fife 10,999
38%
Gig Harbor 12,029
38%
Lakewood 63,612
38%
Longview 37,818
38%
Lynnwood 38,568
38%
Mercer Island 25,748
38%
North Bend 7,461
38%
Oak Harbor 24,622
38%
Port Townsend 10,148
38%
Sammamish 67,455
38%
Shoreline 58,608
38%
Snohomish 10,126
38%
Yelm 10,617
38%
Arlington 19,868
31%
Bainbridge Island 24,825
31%
Battle Ground 20,743
31%
Burlington 9,152
31%
Camas 26,065
31%
Edmonds 42,853
31%
Enumclaw 12,543
31%
Ephrata 8,477
31%
Hoquiam 8,776
31%
Lake Stevens 35,630
31%
Monroe 19,699
31%
Mukilteo 21,538
31%
Ocean Shores 6,715
31%
Othello 8,549
31%
Port Orchard 15,587
31%
Poulsbo 11,975
31%
Quincy 7,543
31%
Sequim 8,024
31%
Snoqualmie 14,121
31%
Stanwood 7,705
31%
Steilacoom 6,727
31%
Sultan 5,146
31%
Tukwila 21,798
31%
Woodinville 13,069
31%
Airway Heights 10,757
23%
Chehalis 7,439
23%
Cheney 13,255
23%
DuPont 10,151
23%
East Wenatchee 14,158
23%
Grandview 10,907
23%
Kelso 12,720
23%
Kenmore 23,914
23%
Lake Forest Park 13,630
23%
Lynden 15,749
23%
Mill Creek 20,926
23%
Newcastle 13,017
23%
Prosser 6,062
23%
Ridgefield 10,319
23%
Sedro-Woolley 12,421
23%
Shelton 10,371
23%
Sumner 10,621
23%
Sunnyside 16,375
23%
Toppenish 8,854
23%
Tumwater 25,350
23%
Union Gap 6,568
23%
University Place 34,866
23%
Washougal 17,039
23%
Bonney Lake 22,487
15%
Brier 6,560
15%
Buckley 5,114
15%
Clarkston 7,161
15%
College Place 9,902
15%
Covington 20,777
15%
Edgewood 12,327
15%
Fircrest 7,156
15%
Liberty Lake 12,003
15%
Maple Valley 28,013
15%
Milton 8,697
15%
Orting 9,041
15%
Pacific 7,235
15%
Selah 8,153
15%
West Richland 16,295
15%
Woodland 6,531
15%
Connell 5,441
8%
Duvall 8,034
8%
Normandy Park 6,771
8%
No matching quizzes found
Score Distribution
Percent of People with Each Score
Percentile by Number Answered
Your Score History
You have not taken this quiz